000 00795nam a22002177a 4500
999 _c11550
_d11550
003 AR-CdUCM
008 190401b ||||| |||| 00| 0 spa d
040 _aMUNICIPALIDAD PROVINCIAL DEL CUSCO
_cBIBLIOTECA MUNICIPAL DEL CUSCO
082 _aEP / 398.21 /
_bZ35
100 _aZapata Santillana, Everardo
_927530
245 _aFabulas de esopo /
260 _aLima :
_bCoquito,
_bLibreria studium,
_bNavarrete,
300 _a126 páginas ;
_bilustraciones, graficos, dibujos,
_c21 cm.
505 _aContenido: El zorro y el cuervo -- El perro del hortelano -- Las gallinas gordas y las flacas -- El ciego...
650 _aFábulas
_94606
650 _aCuentos.
_9217
650 _aLecturas.
_96094
650 _aComprensión lectora.
_94534
942 _2ddc
_cLIBROS
945 _apjha
_d2019/04/04